Ekologické aspekty spaľovania biomasy a fosílnych palív [... súčasťou projektu Možnosti lokálneho vykurovania a výroby elektrickej energie z biomasy]

Bibliographic Details
Main Authors: Jandačka, Jozef (Author), Mikulík, Marian (Author)
Format: Book
Language:Slovak
PhysicalDescription:116 s. fotogr., grafy, sch., tab. 24 cm
Published: Žilina Georg 2007
ISBN:9788096916177
Edition:1. vyd.
Subjects:

MARC

LEADER 00000nam a2200000 a 4500
001 vtls009280630
003 SK-MaSNL
005 20260302005643.0
008 240314s2008 xo odl f 000 0 slo
015 |a SNBA2008/04-01812 
020 |a 9788096916177  |q (brož.) 
035 |a 2323BB10-C2D6-4D6C-9D93-B75C22F566B0 
035 |a urn:nbn:sk:snk-aml1ct 
035 |a urn:nbn:sk:snk-am008my7 
040 |a SNK  |b slo  |c SNK  |e AACR2 
041 0 |a slo 
044 |a xo  |c SK 
072 7 |a 620.9  |x Energetika  |2 konspekt 
072 7 |a 504  |x Znečistenie a poškodenie životného prostredia  |2 konspekt 
080 |a 574.4/.5-026.15  |2 2001 
080 |a 620.95  |2 2001 
080 |a 662.62/.8:57.071.2  |2 2001 
080 |a 662.61  |2 2001 
080 |a 502/504  |2 2001 
080 |a 504.5:502.3  |2 2001 
080 |a (035)  |2 2001 
080 |a 620.92/.95  |2 2001 
100 1 |a Jandačka, Jozef  |4 aut  |9 12549 
245 1 0 |a Ekologické aspekty spaľovania biomasy a fosílnych palív  |b [... súčasťou projektu Možnosti lokálneho vykurovania a výroby elektrickej energie z biomasy]  |c Jozef Jandačka, Marian Mikulík 
250 |a 1. vyd. 
260 |a Žilina  |b Georg  |c 2007 
300 |a 116 s.  |b fotogr., grafy, sch., tab.  |c 24 cm 
366 |e 200 výt. 
504 |a Bibliogr. s. 111-116. Zoz. použ. označení, symbolov a skrat. 
521 |a Nepredajné 
650 0 7 |a biomasa  |2 SNKPH  |9 4197 
650 0 7 |a fosílne palivá  |2 SNKPH  |9 74704 
650 0 7 |a spaľovanie  |x ekologické aspekty  |2 SNKPH  |9 473747 
650 0 7 |a emisie znečisťujúcich látok  |2 SNKPH  |9 73133 
650 0 7 |a Biomass  |2 SNKPHeng  |9 315958 
650 0 7 |a Fossil fuels  |2 SNKPHeng  |9 367609 
650 0 7 |a Combustion  |x environmental aspects  |2 SNKPHeng  |9 605108 
650 0 7 |a Air pollutant emission  |2 SNKPHeng  |9 274761 
650 0 7 |a alternatívne energetické zdroje  |2 SNKPH  |9 3476 
650 0 7 |a Renewable energy sources  |2 SNKPHeng  |9 266485 
655 7 |a príručky  |2 SNKPH  |9 74364 
655 7 |a Handbooks, manuals, etc.  |2 SNKPHeng  |9 90964 
700 1 |a Mikulík, Marian  |4 aut  |9 315785 
919 |a 978-80-969161-7-7 
958 |a NB 
958 |a OND 
968 |d 50 
999 |c 1000286  |d 1002216 
952 |a SNK  |b SNK  |y PREZ  |7 0  |p 17A0583694  |o snkSC 131328  |i snk2008/7138  |8 0  |0 0  |1 0  |4 0  |d 2008-03-31  |f 1  |l 0  |r 2025-06-19 00:00:00  |w 2026-02-24 
952 |a SNK  |b SNK  |y VYP  |7 0  |p 17A0583695  |o snkSC 131328 D1  |i snk2008/7139  |8 0  |0 0  |1 0  |4 0  |d 2008-03-31  |l 0  |r 2026-02-24 12:17:20  |w 2026-02-24